000
00290nam a2200121Ia 4500
008
191201s2011 xx 000 0 und d
100
_a
SILBERSCHATZ, Abraham
245
0
_a
Database system Concepts
250
_a
6th
260
_c
2011
_b
TMH
_a
NEW DELHI
300
_a
1349
942
_2
ddc
_c
BK
_0
1
999
_c
7762
_d
7762